| 000 | 01259nam a2200217Ia 4500 | ||
|---|---|---|---|
| 008 | 0000001983 pr a 0000000000spa00 | ||
| 090 | _aPPR00 O44f | ||
| 100 | 1 |
_aOller, Francisco _d1833 |
|
| 245 | 1 | 0 |
_aFrancisco Oller un realista del impresionismo = Francisco Oller a realistimpressionist _c/ editor Marimar Benítez ; traducción Conchita García Gustin, Marimar Benítez, René Taylor ; fotografías Jochi Melero |
| 300 |
_a233 p. _c/ 28 cm. |
||
| 500 | _aExposiciónorganizada por el Museo de Arte de Ponce en conmemoración del sesquicentenario del natalicio del pintor puertorriqueño Francisco Oller (18331917) \ Exposición realizada en el Museo de Arte de Ponce, Junio 17, 1983 Diciembre 30, 1983 \ Con el patronazgo del maestro venezolano Jesús Rafael Soto (q.e.p.d.) | ||
| 600 | 0 | 0 |
_aOLLER, FRANCISCO, 1833191/ _xTRABAJOS PICTORICOS |
| 650 | 1 | 4 | _aARTE MODERNO PUERTORRIQUEÑO |
| 650 | 1 | 4 | _xCATALOGOS |
| 650 | 1 | 4 | _xEXPOSICIONES |
| 650 | 1 | 4 | _aPINTORES PUERTORRIQUEÑOS |
| 650 | 1 | 4 | _aPINTURA PUERTORRIQUEÑA |
| 700 | 1 | _aBenítez, Marimar, ed. \ Melero, Jochi \ García Gustin, Conchita, tr. \ Taylor, René, tr. | |
| 999 |
_c6010 _d6010 |
||
| 260 |
_aPonce : Museo de Arte de Ponce _c1983 |
||